Curso de hormigón armado

Bibliographic Details
Main Author: Moretto, Oreste
Format: Section = Libro
Language:Undetermined
Spanish
Published: Buenos Aires El Ateneo 1967
Edition:2a.ed.
Subjects:
LEADER 00454nam a2200181Ia 4500
008 240829s9999 xx 000 0 und d
040 |a BIBLIOTECA-RUPAP 691.3 M844 
041 |a spa 
082 |a 691.3 M844 
100 1 |a Moretto, Oreste 
245 1 0 |a Curso de hormigón armado 
250 |a 2a.ed. 
260 |a Buenos Aires  |b El Ateneo  |c 1967 
300 |a 1074 p. :il. 
650 7 |a HORMIGON ARMADO. I. Tít. 
942 |c BK  |2 ddc 
991 |a TEXTO 
999 |c 10252